[Event "Dortmund Sparkassen op-B"]
[Site "Dortmund"]
[Date "2014.07.12"]
[Round "1"]
[White "Revaux, Christophe"]
[Black "Tuscher, Albin"]
[Result "1/2-1/2"]
[WhiteElo "1305"]
[BlackElo "1595"]
[PlyCount "65"]
[EventDate "2014.07.12"]
[EventType "swiss"]
[EventRounds "9"]
[EventCountry "GER"]
[SourceTitle "EXT 2022"]
[Source "ChessBase"]
[SourceDate "2021.10.06"]
[SourceVersion "1"]
[SourceVersionDate "2021.10.06"]
[SourceQuality "1"]

1. d4 e6 2. Nf3 Nf6 3. e3 c5 4. c3 Nc6 5. Bd3 Be7 6. Nbd2 0-0 7. 0-0 d5 8. Ne5 Qc7 9. f4 cxd4 10. exd4 Nd7 11. Rf3 f5 12. Nxd7 Bxd7 13. Rh3 Rf6 14. Nf3 Be8 15. Ne5 Bd6 16. Bd2 Qb6 17. Kh1 Rb8 18. b3 Rc8 19. g4 g6 20. gxf5 exf5 21. Qe1 Qd8 22. Qh4 Qe7 23. Rg1 Qg7 24. Qf2 a6 25. Qg2 Ne7 26. Rg3 Rd8 27. h4 Qh6 28. Rh3 Bc7 29. h5 Qg7 30. h6 Qf8 31. Nf3 Nc8 32. Be1 Re6 33. Ne5 1/2-1/2